000 00439nam a2200157 i 4500
001 43621
003 ES-MaACL
005 20230906160838.0
007 t|
008 030318s1893 sp ||||1| spa d
100 1 _aCervera, Valerio.
_937634
245 1 3 _aEl programa común democrático /
_cValerio Cervera.
260 _aMadrid :
_b[s.n.],
_c1893 (
_fImpr. de Fernando Cao)
300 _a16 p. ;
_c13 cm.
852 _aES-MaACL
_jT-1032-F-1
999 _c43621
_d43621